000 00712cam a22002291 4500
001 af 48003767
003 DLC
005 20260227110904.0
008 880615s1942 gw 000 0 ger c
010 _aaf 48003767
035 _a(OCoLC)18095609
040 _aYale Univ. Library
_cMU
_dDLC
042 _apremarc
050 0 0 _aPT2360.G6
_bG4
082 _a833.69
100 1 _aHoffmann, E. T. A.
_q(Ernst Theodor Amadeus),
_d1776-1822.
245 1 4 _aDer goldne Topf: ein Märchen aus der neuen Zeit.
_c[Hrsg. von Alred Gerz]
260 _aPotsdam,
_bRütten Loening
_c[1942]
300 _a126 p.
_c20 cm.
490 0 _aTrösteinsamkeit; ein Sammlung deutscher Meisterzählungen
700 1 _aGerz, Alfred,
_eed.
999 _c5765
_d5765